000 00626nam a22002177a 4500
003 UA-OsUOA
001 59365
007 ta
008 20090320b un ||||| |||| 00| 0 ukr d
100 _aВакуленко С.В.
090 _a82
_bВ14
942 _cSA
040 _aUA-OsUOA
_bukr
_cUA-OsUOA
_dUA-OsUOA
245 _aМовознавчі погляди Івана Орнатовського в оцінці Олександра Потебні
300 _aС.41-52
955 _a0
041 _aukr
080 _a82
773 0 _w59363
650 7 _a82 Література. Літературознавство
_2UDC
999 _c345447
_d345447